[Event "Kieler Open 2017-A"]
[Site "Kiel"]
[Date "2017.07.30"]
[Round "4.50"]
[White "Schmieder, Kerstin"]
[Black "Maas, Kolja"]
[Result "1-0"]
[WhiteElo "1674"]
[BlackElo "1527"]
[Annotator "hjh"]
[PlyCount "75"]

1. d4 Nf6 2. Nc3 e6 3. e4 d5 4. e5 Nfd7 5. Nf3 c5 6. Be3 cxd4 7. Bxd4 Nc6 8.
Bb5 a6 9. Ba4 b5 10. Bb3 Nxd4 11. Qxd4 Bc5 12. Qf4 h6 13. O-O g5 14. Qg4 h5 15.
Qxg5 Qxg5 16. Nxg5 Nxe5 17. Rfe1 Ng4 18. Re2 Rg8 19. Nf3 Kd7 20. h3 Nxf2 21.
Rxf2 Bxf2+ 22. Kxf2 Bb7 23. Ne2 f6 24. Nf4 Rh8 25. Re1 Rae8 26. c3 Kd6 27. Rd1
a5 28. Rd2 a4 29. Bd1 e5 30. Ng6 Rhg8 31. Nfh4 e4 32. Ke3 Rc8 33. Bxh5 a3 34.
Nf5+ Ke6 35. Nd4+ Kd7 36. Bg4+ Kd8 37. Bxc8 Kxc8 38. Ne7+ 1-0

[Event "Kieler Open 2017-A"]
[Site "Kiel"]
[Date "2017.07.31"]
[Round "5.1"]
[White "Krause, Benedict"]
[Black "Lanka, Zigurds"]
[Result "1/2-1/2"]
[WhiteElo "2424"]
[BlackElo "2434"]
[Annotator "JK"]
[PlyCount "38"]

1. e4 c5 2. Nf3 Nc6 3. d4 cxd4 4. Nxd4 Nf6 5. Nc3 d6 6. Bg5 e6 7. Qd2 a6 8.
O-O-O Bd7 9. f4 Qc7 10. Bxf6 gxf6 11. f5 h5 12. Kb1 Bh6 13. Qf2 Nxd4 14. Qxd4
Bf4 15. fxe6 fxe6 16. Qxf6 Be5 17. Qg5 Bxc3 18. bxc3 Qxc3 19. Bd3 Qe5 {(=)}
1/2-1/2

[Event "Kieler Open 2017-A"]
[Site "Kiel"]
[Date "2017.07.31"]
[Round "5.2"]
[White "Kopylov, Michael"]
[Black "Uksini, Bardhyl"]
[Result "1/2-1/2"]
[WhiteElo "2428"]
[BlackElo "2304"]
[Annotator "JK"]
[PlyCount "25"]

1. d4 Nf6 2. c4 g6 3. g3 c6 4. Bg2 d5 5. Nf3 Bg7 6. b3 dxc4 7. bxc4 c5 8. Bb2
Qb6 9. Qb3 Ne4 10. O-O O-O 11. e3 Nc6 12. Ne5 Nd6 13. Nxc6 {(=)} 1/2-1/2

[Event "Kieler Open 2017-A"]
[Site "Kiel"]
[Date "2017.07.31"]
[Round "5.3"]
[White "Krause, Jonah"]
[Black "Saglam, Bülent"]
[Result "1-0"]
[WhiteElo "2328"]
[BlackElo "2076"]
[Annotator "JK"]
[PlyCount "67"]

1. d4 d5 2. c4 c6 3. Nf3 Nf6 4. e3 e6 5. b3 Nbd7 6. Bb2 Bd6 7. Bd3 Qe7 8. Ne5
Bb4+ 9. Nd2 Ne4 10. Bxe4 dxe4 11. a3 Bxd2+ 12. Qxd2 f6 13. Nxd7 Qxd7 14. Qc2 f5
15. f3 exf3 16. gxf3 Rf8 17. Rg1 Rf7 18. e4 b6 19. O-O-O Bb7 20. exf5 exf5 21.
Rge1+ Kf8 22. Re5 Re8 23. Rde1 Rxe5 24. Rxe5 Bc8 25. d5 Bb7 26. Qd3 cxd5 27.
cxd5 Qc8+ 28. Kb1 Ba6 29. Qd4 Qc5 30. Qh4 Kg8 31. Re8+ Rf8 32. Qg5 Kf7 33. Re3
Rg8 34. Qxf5# 1-0

[Event "Kieler Open 2017-A"]
[Site "Kiel"]
[Date "2017.07.31"]
[Round "5.4"]
[White "Jahncke, Giso"]
[Black "Voloshin, Leonid"]
[Result "1/2-1/2"]
[WhiteElo "2340"]
[BlackElo "2382"]
[Annotator "JK"]
[PlyCount "57"]

1. d4 Nf6 2. c4 e6 3. g3 d5 4. Nf3 Be7 5. Bg2 O-O 6. O-O c6 7. Qc2 Nbd7 8. Nbd2
b6 {(=)} 9. e4 dxc4 10. Nxc4 Bb7 11. Bg5 h6 12. e5 Ne8 13. Bxe7 Qxe7 14. Nfd2
Rb8 15. Ne4 c5 16. Rfd1 cxd4 17. Rxd4 Bd5 18. f4 Rc8 19. Qe2 Qb4 20. a3 Qb5 21.
Bf1 Nc5 22. Nxc5 Qxc5 23. Qf2 f6 24. b4 Qe7 25. exf6 Nxf6 26. Ne5 Rfd8 27. Rad1
Rc3 28. Bg2 Rdc8 29. a4 {(=)} 1/2-1/2

[Event "Kieler Open 2017-A"]
[Site "Kiel"]
[Date "2017.07.31"]
[Round "5.5"]
[White "Light, Bjarne"]
[Black "Gaede, Derek"]
[Result "1-0"]
[WhiteElo "2196"]
[BlackElo "2340"]
[Annotator "JK"]
[PlyCount "85"]

1. c4 e5 2. g3 Nf6 3. Bg2 d5 4. cxd5 Nxd5 5. Nc3 Nb6 6. d3 Be7 7. Be3 O-O 8.
Rc1 Nc6 9. Bxc6 bxc6 10. Nf3 Nd5 11. Qa4 Bh3 12. Qxc6 Nxc3 13. Qxc3 Bg2 14. Rg1
Bxf3 15. exf3 Qd5 16. Ke2 Qxa2 17. Ra1 Qe6 18. Bxa7 Rfd8 19. Qc4 Qd7 20. b3 h6
21. Rgd1 Qc8 22. Be3 Rb8 23. Ra7 Bd6 24. Rda1 Rb4 25. Qd5 Qd7 26. Ra8 Rxa8 27.
Rxa8+ Kh7 28. Ra7 Rb5 29. Qe4+ f5 30. Qa4 Qc6 31. Qc4 Qe8 32. Ra8 Qxa8 33. Qxb5
Qg8 34. h4 Qe6 35. Qc4 Qg6 36. f4 Qg4+ 37. Ke1 exf4 38. Bxf4 Bxf4 39. Qxf4 Qxf4
40. gxf4 Kg6 41. d4 Kh5 42. d5 Kg4 43. d6 1-0

[Event "Kieler Open 2017-A"]
[Site "Kiel"]
[Date "2017.07.31"]
[Round "5.6"]
[White "Böhm, Thomas"]
[Black "Wichmann, Cliff"]
[Result "0-1"]
[WhiteElo "2154"]
[BlackElo "2297"]
[Annotator "JK"]
[PlyCount "66"]

1. Nf3 d5 2. d4 Nf6 3. c4 e6 4. e3 Be7 5. Nc3 O-O 6. Bd3 dxc4 7. Bxc4 a6 8. O-O
b5 9. Be2 Nbd7 10. Qc2 Bb7 11. a3 c5 12. dxc5 Nxc5 13. b4 Nce4 14. Nxe4 Bxe4
15. Qd1 Qc7 16. Bb2 Qb7 17. Rc1 Rfd8 18. Qb3 Nd7 19. Rfd1 Bd5 20. Qc2 Rac8 21.
Qb1 Bf6 22. Bxf6 Nxf6 23. Qd3 Rd7 24. Qb1 Rdc7 25. Rxc7 Qxc7 26. Bd3 Qc3 27. e4
Bb3 28. Re1 g6 29. h3 Ba4 30. Re3 Qxa3 31. Bc4 Bc2 32. Qa2 Qxb4 33. e5 Rxc4 {
Restliche Züge nicht rekonstruierbar!} 0-1

[Event "Kieler Open 2017-A"]
[Site "Kiel"]
[Date "2017.07.31"]
[Round "5.7"]
[White "Röttig, Hans-Peter"]
[Black "Fernandez, Michael"]
[Result "0-1"]
[WhiteElo "2078"]
[BlackElo "2236"]
[Annotator "JK"]
[PlyCount "58"]

1. e4 c5 2. d4 cxd4 3. c3 dxc3 4. Nxc3 Nc6 5. Nf3 d6 6. Bc4 Nf6 7. e5 dxe5 8.
Qxd8+ Kxd8 9. Ng5 Na5 10. Bxf7 e6 11. Be3 Bb4 12. Bxe6 Ke7 13. Bb3 b6 14. O-O
Bb7 15. Rfe1 h6 16. Nh3 Nxb3 17. axb3 Kf7 18. f3 Bd5 19. Bd2 Rad8 20. Rxe5 Bxf3
21. Be3 Bd6 22. Rf5 Bg4 23. Rf2 Be6 24. Raf1 Bxb3 25. Ne4 Be5 26. Rf5 Rhe8 27.
Kh1 Kg6 28. Nxf6 Bxf6 29. Bc1 Bc4 0-1

[Event "Kieler Open 2017-A"]
[Site "Kiel"]
[Date "2017.07.31"]
[Round "5.8"]
[White "Syrov, Arkadi"]
[Black "Kopylov, Daniel"]
[Result "1-0"]
[WhiteElo "2267"]
[BlackElo "2172"]
[Annotator "JK"]
[PlyCount "75"]

1. e4 e6 2. d4 d5 3. Nc3 dxe4 4. Nxe4 Nd7 5. Nf3 Ngf6 6. Nxf6+ Nxf6 7. Bd3 Be7
8. O-O O-O 9. Ne5 c5 10. dxc5 Bxc5 11. Qe2 Qc7 12. Bg5 Be7 13. Rfe1 h6 14. Bh4
Nd5 15. Bg3 Bd6 16. Rad1 f5 17. Ng6 Bxg3 18. hxg3 Rf6 19. Ne5 b6 20. Bb5 a6 21.
Bc6 Rb8 22. c4 Nb4 23. Bf3 Bb7 24. Nd7 Rbf8 25. Nxf6+ Rxf6 26. Bxb7 Qxb7 27.
Qd2 Nc6 28. Qd7 Qxd7 29. Rxd7 e5 30. Rb7 Na5 31. Rb8+ Kf7 32. Rc8 Nc6 33. Rd1
e4 34. Rd7+ Kg6 35. Rcc7 Ne5 36. Rxg7+ Kh5 37. c5 bxc5 38. Rxc5 1-0

[Event "Kieler Open 2017-A"]
[Site "Kiel"]
[Date "2017.07.31"]
[Round "5.9"]
[White "Rohde, Patrick"]
[Black "Kuberczyk, Christoph"]
[Result "0-1"]
[WhiteElo "1939"]
[BlackElo "2177"]
[Annotator "JK"]
[PlyCount "50"]

1. e4 c5 2. Nf3 d6 3. d4 cxd4 4. Nxd4 Nf6 5. Nc3 a6 6. Be3 e6 7. g3 b5 8. Bg2
Bb7 9. a3 Nbd7 10. Nb3 Rc8 11. O-O Ne5 12. Qe2 Nc4 13. Bc1 Qc7 14. Nd2 Be7 15.
Nxc4 Qxc4 16. Qxc4 Rxc4 17. Re1 Nd7 18. Be3 O-O 19. Rad1 Ne5 20. f4 Ng4 21. Bd4
Bd8 22. Bf3 Rxd4 23. Rxd4 Bb6 24. Ne2 Ne3 25. Rxd6 Bc5 0-1

[Event "Kieler Open 2017-A"]
[Site "Kiel"]
[Date "2017.07.31"]
[Round "5.10"]
[White "Weber, Samuel"]
[Black "Horn, Peter"]
[Result "1/2-1/2"]
[WhiteElo "2123"]
[BlackElo "2094"]
[Annotator "JK"]
[PlyCount "119"]

1. e4 e6 2. d3 d5 3. Nd2 Nf6 4. g3 Nc6 5. Bg2 Be7 6. Ngf3 O-O 7. O-O dxe4 8.
dxe4 e5 9. c3 Be6 10. Qc2 a5 11. a4 Nd7 12. Rd1 Qe8 13. Bf1 f6 14. Bc4 Qf7 15.
Bxe6 Qxe6 16. Nf1 Bc5 17. Be3 Bxe3 18. Nxe3 Ne7 19. Rd2 Nc5 20. Nd5 Nxd5 21.
Rxd5 c6 22. Rdd1 Rfd8 23. b4 Rxd1+ 24. Rxd1 axb4 25. cxb4 Nxa4 26. Ra1 Nb6 27.
Rxa8+ Nxa8 28. Qa4 Nc7 29. Qa7 Qc8 30. Nd2 Ne6 31. Nc4 Qc7 32. Qa8+ Nd8 33. Na5
Kf7 34. Qa7 h5 35. h4 Qd7 36. Kh2 Qd4 37. Nxc6 Nxc6 38. Qxb7+ Ne7 39. Kg2 Ke6
40. b5 Qd7 41. Qa6+ Kf7 42. b6 Qc6 43. Qa7 Qxe4+ 44. Kh2 Ke6 45. b7 Nc6 46. Qa8
Qf3 47. Qg8+ Kf5 48. Qh7+ Ke6 49. Qg8+ Kd6 50. b8=Q+ Nxb8 51. Qxb8+ Kc5 52.
Qa7+ Kc4 53. Kg1 g6 54. Qf7+ Kd3 55. Qb3+ Ke2 56. Qc2+ Ke1 57. Qc1+ Ke2 58.
Qc2+ Ke1 59. Qc1+ Ke2 60. Qc2+ 1/2-1/2

[Event "Kieler Open 2017-A"]
[Site "Kiel"]
[Date "2017.07.31"]
[Round "5.11"]
[White "Bente, Björn"]
[Black "Dittmann, Hans-Adolf"]
[Result "1/2-1/2"]
[WhiteElo "2310"]
[BlackElo "2073"]
[Annotator "JK"]
[PlyCount "100"]

1. Nf3 Nf6 2. c4 g6 3. b4 a5 4. b5 Bg7 5. Bb2 O-O 6. g3 d6 7. Bg2 e5 8. d3 Nbd7
9. O-O Nc5 10. Nc3 a4 11. Rb1 Re8 12. Nd2 Nfd7 13. Qc2 f5 14. Nd5 Nf6 15. f4
Nxd5 16. Bxd5+ Be6 17. Bg2 a3 18. Bc3 Bf7 19. Rbe1 Qd7 20. Bb4 exf4 21. gxf4
Bd4+ 22. Kh1 c6 23. Nf3 Bf6 24. Bc3 Bxc3 25. bxc6 bxc6 26. Qxc3 Ne6 27. Nd2 d5
28. Qc1 Qd6 29. e3 Nc5 30. Qc3 Ra7 31. d4 Na4 32. Qc2 Qb4 33. cxd5 cxd5 34. Nb3
Qc3 35. Qe2 Rae7 36. Qb5 Qc4 37. Qa5 Rxe3 38. Rc1 Rc3 39. Rxc3 Nxc3 40. Qxa3
Re2 41. Nc1 Rd2 42. Qa7 Nxa2 43. Qb8+ Kg7 44. Qe5+ Kh6 45. Nxa2 Qxa2 46. Rf3
Qb1+ 47. Rf1 Qc2 48. Rg1 Re2 49. Qd6 Rxg2 50. Rxg2 Qd1+ {(=)} 1/2-1/2

[Event "Kieler Open 2017-A"]
[Site "Kiel"]
[Date "2017.07.31"]
[Round "5.12"]
[White "Junge, Ralph"]
[Black "Rieper, Julian"]
[Result "1/2-1/2"]
[WhiteElo "2286"]
[BlackElo "2048"]
[Annotator "JK"]
[PlyCount "59"]

1. e4 e5 2. Nf3 Nc6 3. c3 Nf6 4. d4 d5 5. Bb5 Nxe4 6. Nxe5 a6 7. Qa4 Bd7 8.
Bxc6 bxc6 9. Nd2 Nxd2 10. Bxd2 c5 11. Qa5 c6 12. Qa4 Bd6 13. O-O O-O 14. Rfe1
Re8 15. Nxd7 Qxd7 16. Rxe8+ Qxe8 17. Re1 Qd7 18. Qa5 cxd4 19. cxd4 Qb7 20. b3
Qb5 21. g3 h6 22. Rc1 Rc8 23. Qxb5 axb5 24. a4 bxa4 25. bxa4 Ba3 26. Rc2 Ra8
27. Ra2 Bd6 28. Kf1 Kf8 29. Ke2 Ke7 30. Kd3 {(=)} 1/2-1/2

[Event "Kieler Open 2017-A"]
[Site "Kiel"]
[Date "2017.07.31"]
[Round "5.13"]
[White "Niering, Martin"]
[Black "Bendel, Ralf"]
[Result "1/2-1/2"]
[WhiteElo "2225"]
[BlackElo "2124"]
[Annotator "JK"]
[PlyCount "83"]

1. e4 c5 2. Nf3 d6 3. c3 Nf6 4. Be2 Nbd7 5. Qc2 e6 6. O-O Be7 7. d4 cxd4 8.
cxd4 Nb6 9. Nc3 Bd7 10. e5 Nfd5 11. Ne4 Ba4 12. b3 Rc8 13. Qd2 Bc6 14. exd6
Bxd6 15. Nxd6+ Qxd6 16. Ne5 O-O 17. a4 Qb4 18. a5 Qxd2 19. Bxd2 Nd7 20. Nxc6
Rxc6 21. Rfc1 Rxc1+ 22. Rxc1 a6 23. Bf3 N7f6 24. g4 h6 25. h4 Rd8 26. g5 hxg5
27. hxg5 Ne8 28. Bxd5 exd5 29. Bf4 Kf8 30. Kg2 Rd7 31. Rc8 Ke7 32. Rb8 Nd6 33.
Kf3 Nf5 34. Be3 f6 35. Kg4 {(=)} Nxe3+ 36. fxe3 fxg5 37. Kxg5 Kd6 38. Kf5 Re7
39. b4 Kc7 40. Rg8 Kc6 41. Kf4 Kd6 42. Kf3 1/2-1/2

[Event "Kieler Open 2017-A"]
[Site "Kiel"]
[Date "2017.07.31"]
[Round "5.14"]
[White "Arndt, Magnus"]
[Black "Beeck, Mats"]
[Result "1/2-1/2"]
[WhiteElo "2072"]
[BlackElo "2104"]
[Annotator "JK"]
[PlyCount "55"]

1. e4 g6 2. d4 Bg7 3. Nf3 d6 4. Nc3 a6 5. a4 Nf6 6. Be2 O-O 7. O-O Nc6 8. h3 e5
9. dxe5 dxe5 10. Bg5 Be6 11. Qc1 Qe7 12. Rd1 Qb4 13. Nd5 Bxd5 14. exd5 Nd4 15.
Nxd4 exd4 16. c3 dxc3 17. bxc3 Qc5 18. Be3 Qe7 19. Bf3 Ne4 20. Bxe4 Qxe4 21.
Qb1 Qxb1 22. Raxb1 Bxc3 23. Rxb7 Be5 24. Bd4 Bd6 25. Kf1 Rfc8 26. Rc1 Rab8 27.
Rcb1 Ra8 28. Rc1 {(=)} 1/2-1/2

[Event "Kieler Open 2017-A"]
[Site "Kiel"]
[Date "2017.07.31"]
[Round "5.15"]
[White "Jordan, Christian"]
[Black "Schulze, Lara"]
[Result "1/2-1/2"]
[WhiteElo "2182"]
[BlackElo "2141"]
[Annotator "JK"]
[PlyCount "43"]

1. e4 c5 2. Nf3 d6 3. d4 cxd4 4. Nxd4 Nf6 5. Nc3 Nc6 6. h3 e5 7. Nf3 h6 8. Bc4
Be7 9. O-O O-O 10. Qe2 a6 11. Rd1 Qc7 12. Be3 Na5 13. Nd5 Nxd5 14. Bxd5 Be6 15.
b3 Nc6 16. c4 a5 17. Qd2 Nb4 18. Bxe6 fxe6 19. Rac1 Rad8 20. a3 Nc6 21. b4 axb4
22. axb4 1/2-1/2

[Event "Kieler Open 2017-A"]
[Site "Kiel"]
[Date "2017.07.31"]
[Round "5.16"]
[White "Pluska, Alexander"]
[Black "Basey, Matthew"]
[Result "0-1"]
[WhiteElo "2205"]
[BlackElo "1793"]
[Annotator "JK"]
[PlyCount "60"]

1. e4 Nc6 2. Nf3 d6 3. d4 Nf6 4. Nc3 Bg4 5. Be2 e6 6. Bg5 h6 7. Be3 d5 8. e5
Nd7 9. h3 Bxf3 10. Bxf3 Na5 11. O-O a6 12. Qe2 b5 13. Rae1 Be7 14. Bh5 g6 15.
f4 Bh4 16. f5 exf5 17. e6 Nf6 18. exf7+ Kxf7 19. Bf2 Bxf2+ 20. Rxf2 Re8 21. Qd1
Rxe1+ 22. Qxe1 Nxh5 23. g4 Ng7 24. Qe3 Qd6 25. Qxh6 Rg8 26. Ne2 Nc6 27. Qh7 Ne7
28. Nf4 Qf6 29. Re2 Qxd4+ 30. Kg2 Qxf4 0-1

[Event "Kieler Open 2017-A"]
[Site "Kiel"]
[Date "2017.07.31"]
[Round "5.17"]
[White "Möller, Dustin"]
[Black "Benzen, Marthe"]
[Result "1/2-1/2"]
[WhiteElo "2079"]
[BlackElo "2016"]
[Annotator "JK"]
[PlyCount "73"]

1. d4 Nf6 2. c4 g6 3. Nc3 Bg7 4. e4 d6 5. Be2 O-O 6. Nf3 e5 7. O-O Nc6 8. d5
Ne7 9. Ne1 Nd7 10. Be3 f5 11. f3 Nf6 12. Rc1 f4 13. Bf2 g5 14. c5 Ne8 15. Nd3
Ng6 16. b4 Rf7 17. Nb2 h5 18. Nc4 Bf8 19. cxd6 Bxd6 20. Nxd6 Nxd6 21. Nb5 Nxb5
22. Bxb5 Rh7 23. Qb3 Kh8 24. Kh1 g4 25. Qc3 Qg5 26. Be8 Nf8 27. g3 gxf3 28. h4
Qg4 29. Qxe5+ Rg7 30. Kg1 Qh3 31. Qxg7+ Kxg7 32. Bd4+ Kg8 33. Rxf3 Bg4 34. Rxc7
Ng6 35. Bxg6 Bxf3 36. Rg7+ Kf8 37. Rf7+ 1/2-1/2

[Event "Kieler Open 2017-A"]
[Site "Kiel"]
[Date "2017.07.31"]
[Round "5.18"]
[White "Schaefer, Martin"]
[Black "Buchholz, Sebastian"]
[Result "0-1"]
[WhiteElo "2001"]
[BlackElo "2134"]
[Annotator "JK"]
[PlyCount "64"]

1. d4 e6 2. c4 b6 3. e4 Bb7 4. Bd3 f5 5. Qe2 Nf6 6. Bg5 Bb4+ 7. Nc3 h6 8. Bxf6
Qxf6 9. Nf3 Nc6 10. e5 Qg6 11. Rg1 Qh5 12. h3 g5 13. g4 fxg4 14. hxg4 Qf7 15.
Be4 O-O-O 16. O-O-O Bxc3 17. bxc3 Rdf8 18. Rd2 Qe7 19. Kb2 Rf4 20. Ne1 Rxe4 21.
Qxe4 Na5 22. d5 Qc5 23. Rd4 Nxc4+ 24. Ka1 Bxd5 25. Nd3 Qa3 26. Qe1 c5 27. Rxc4
Bxc4 28. Nc1 Rf8 29. Rh1 Rf3 30. Qd2 Rxc3 31. Rd1 Bd5 32. Ne2 Rd3 0-1

[Event "Kieler Open 2017-A"]
[Site "Kiel"]
[Date "2017.07.31"]
[Round "5.19"]
[White "Haffner, Alexander"]
[Black "Kreutz, Jonas"]
[Result "1-0"]
[WhiteElo "2113"]
[BlackElo "1826"]
[Annotator "JK"]
[PlyCount "73"]

1. d4 d5 2. Nf3 e6 3. c4 c6 4. cxd5 exd5 5. Nc3 Nf6 6. Bg5 Be7 7. Qc2 g6 8. e3
Bf5 9. Bd3 Bxd3 10. Qxd3 Nbd7 11. O-O O-O 12. Nd2 Re8 13. f3 Nh5 14. Bxe7 Qxe7
15. Rae1 Rad8 16. a3 b5 17. Nd1 Nb6 18. Qc3 Nc4 19. Nb3 Nf6 20. Nc5 Nd7 21. Nd3
Ndb6 22. Rf2 a5 23. b3 Nxa3 24. Qxa5 Nd7 25. Qc3 Qd6 26. Ra2 Ra8 27. Qb4 Qxb4
28. Nxb4 Nb1 29. Rb2 c5 30. dxc5 Na3 31. Nxd5 Re5 32. e4 Nxc5 33. Nf2 f5 34.
Rc1 Ne6 35. Nd3 Rxd5 36. exd5 Nd4 37. Kf2 1-0

[Event "Kieler Open 2017-A"]
[Site "Kiel"]
[Date "2017.07.31"]
[Round "5.20"]
[White "Hartwig, Frank"]
[Black "Müller, Jan Hendrik"]
[Result "1/2-1/2"]
[WhiteElo "1984"]
[BlackElo "2109"]
[Annotator "JK"]
[PlyCount "160"]

1. e4 e6 2. d4 d5 3. exd5 exd5 4. Nc3 Bb4 5. a3 Bxc3+ 6. bxc3 Nf6 7. Bg5 Be6 8.
Nf3 Nbd7 9. Rb1 Nb6 10. Bb5+ c6 11. Bd3 h6 12. Bxf6 Qxf6 13. O-O Qe7 14. Qc1 c5
15. Bb5+ Kf8 16. dxc5 Qxc5 17. Nd4 h5 18. Qe3 Qd6 19. Rfe1 a6 20. Nxe6+ fxe6
21. Qxe6 Qxe6 22. Rxe6 axb5 23. Rxb6 Rxa3 24. Rxb7 Rh6 25. R7xb5 Rxc3 26. Rb8+
Kf7 27. R1b7+ Kg6 28. Rb6+ Kh7 29. Rxh6+ Kxh6 30. Rb2 d4 31. Kf1 d3 32. cxd3
Rxd3 33. Ke2 Ra3 34. h4 g6 35. Rd2 Kg7 36. Rd3 Ra4 37. g3 Kf6 38. Rd6+ Kf5 39.
Rd5+ Kf6 40. Ke3 Ra1 41. Ke4 Re1+ 42. Kf4 Re6 43. f3 Ra6 44. Rd4 Rb6 45. Ra4
Rb5 46. Ke4 Rc5 47. Ra6+ Kg7 48. Ra7+ Kf6 49. Rd7 Re5+ 50. Kf4 Rf5+ 51. Ke3
Re5+ 52. Kd4 Re1 53. Rd5 Rg1 54. Rg5 Re1 55. f4 Re6 56. Kd5 Re3 57. Kd4 Ra3 58.
Ke4 Rb3 59. f5 gxf5+ 60. Rxf5+ Kg6 61. Rf3 Rb4+ 62. Ke3 Rb3+ 63. Kf2 Rb2+ 64.
Kg1 Rb1+ 65. Kg2 Rb2+ 66. Rf2 Rb3 67. Re2 Ra3 68. Re5 Rb3 69. Rg5+ Kh6 70. Rg8
Ra3 71. Re8 Rb3 72. Re6+ Kg7 73. Kf2 Ra3 74. Re3 Ra4 75. Kf3 Kg6 76. Re4 Ra6
77. g4 hxg4+ {(=)} 78. Kxg4 Kh6 79. Re8 Ra4+ 80. Kf5 Ra5+ 1/2-1/2

[Event "Kieler Open 2017-A"]
[Site "Kiel"]
[Date "2017.07.31"]
[Round "5.21"]
[White "Besenthal, Klaus-Günther"]
[Black "Mohamed, Galal"]
[Result "1-0"]
[WhiteElo "2076"]
[BlackElo "1865"]
[Annotator "JK"]
[PlyCount "99"]

1. d4 e6 2. Bf4 d5 3. e3 Nf6 4. Nd2 c5 5. c3 Nc6 6. Bd3 cxd4 7. exd4 Be7 8.
Ngf3 O-O 9. O-O b6 10. Ne5 Nxe5 11. dxe5 Nd7 12. Qc2 h6 13. Nf3 Bb7 14. Rad1
Qc8 15. Nd4 Bc5 16. Qe2 Qe8 17. Rfe1 Bxd4 18. cxd4 f5 19. exf6 Rxf6 20. Bg3 a5
21. Rc1 Rc8 22. Bb5 Qe7 23. Rxc8+ Bxc8 24. Rc1 Rf8 25. h4 Nf6 26. Be5 Bd7 27.
Rc7 Rc8 28. Rxc8+ Bxc8 29. Qc2 Qb7 30. Bc6 Qe7 31. Bb5 Qb7 32. Qc7 Qxc7 33.
Bxc7 Nd7 34. a4 Kf7 35. b3 Ke7 36. Kf1 Kf6 37. Ke2 Kf5 38. Kf3 h5 39. Bxd7 Bxd7
40. Bxb6 Bc8 41. Bxa5 Ba6 42. b4 Bd3 43. b5 e5 44. dxe5 Kxe5 45. Ke3 Bf1 46.
Bc3+ Kd6 47. Bxg7 Bxg2 48. Kd4 Be4 49. Be5+ Kd7 50. a5 1-0

[Event "Kieler Open 2017-A"]
[Site "Kiel"]
[Date "2017.07.31"]
[Round "5.22"]
[White "Neumann, Frank"]
[Black "Terwitte, Heinrich"]
[Result "0-1"]
[WhiteElo "2072"]
[BlackElo "1913"]
[Annotator "JK"]
[PlyCount "116"]

1. d4 d5 2. c4 e6 3. Nc3 c6 4. Nf3 dxc4 5. a4 Bb4 6. e3 b5 7. Bd2 a5 8. axb5
Bxc3 9. Bxc3 cxb5 10. b3 Bb7 11. bxc4 b4 12. Bb2 Nf6 13. Bd3 O-O 14. O-O Ne4
15. Bc2 Nd7 16. Qd3 f5 17. Rfd1 Qe7 18. Ra2 Nd6 19. Nd2 Rf6 20. f3 Rh6 21. g3
Nxc4 22. Qxc4 Bd5 23. Qc7 Bxa2 24. Ra1 Qg5 25. Nf1 b3 26. Qxd7 a4 27. Bd3 Qd8
28. Qxd8+ Rxd8 29. Nd2 Rf6 30. Nc4 Rf7 31. h4 Ra7 32. Kf2 Rc8 33. Na3 Rac7 34.
Ke2 g6 35. g4 Kf7 36. gxf5 gxf5 37. Rg1 Rg8 38. Rxg8 Kxg8 39. Bc4 Kf7 40. Kd3
Rc8 41. Bb5 Rg8 42. Bxa4 Rg3 43. Nc4 Rh3 44. Nd2 Rxh4 45. Bxb3 Bxb3 46. Nxb3 h5
47. d5 exd5 48. Be5 Ra4 49. Ke2 h4 50. Nd4 Ra2+ 51. Kf1 h3 52. Kg1 Kg6 53. Ne6
Kh5 54. Bg3 Rg2+ 55. Kh1 Rxg3 56. Nf4+ Kh4 57. Nxd5 Rxf3 58. Ne7 Kg3 0-1

[Event "Kieler Open 2017-A"]
[Site "Kiel"]
[Date "2017.07.31"]
[Round "5.23"]
[White "Fleischmann, Yannic"]
[Black "Voelzke, Ferdinand"]
[Result "0-1"]
[WhiteElo "1614"]
[BlackElo "2134"]
[Annotator "JK"]
[PlyCount "78"]

1. e4 d6 2. d4 Nf6 3. Nc3 e5 4. dxe5 dxe5 5. Qxd8+ Kxd8 6. Bc4 Be6 7. Bxe6 fxe6
8. Be3 Nc6 9. O-O-O+ Kc8 10. f3 b6 11. Nh3 Kb7 12. Ng5 Re8 13. Rd3 h6 14. Nh3
Be7 15. Rhd1 g5 16. Nf2 Nh5 17. R3d2 Nf4 18. Nd3 Ng6 19. Rf2 Ref8 20. Rdf1 Rf7
21. g3 Rhf8 22. f4 exf4 23. gxf4 gxf4 24. e5 Ncxe5 25. Nxe5 Nxe5 26. Rxf4 Bg5
27. Ne2 Bxf4 28. Rxf4 Rxf4 29. Bxf4 Nc4 30. c3 h5 31. b3 Nd6 32. Kd2 Kc6 33.
Ke3 Kd7 34. c4 c5 35. Ng3 Nf5+ 36. Ke4 Nxg3+ 37. hxg3 Rf5 38. a3 a6 39. b4 Kc6
0-1

[Event "Kieler Open 2017-A"]
[Site "Kiel"]
[Date "2017.07.31"]
[Round "5.24"]
[White "Wanner, Lukas"]
[Black "Boyens, Birger"]
[Result "1-0"]
[WhiteElo "2008"]
[BlackElo "1996"]
[Annotator "JK"]
[PlyCount "117"]

1. c4 e5 2. g3 Nf6 3. Bg2 Bc5 4. Nc3 a6 5. Nf3 Nc6 6. Nxe5 Bxf2+ 7. Kxf2 Nxe5
8. d3 Nfg4+ 9. Kg1 c6 10. h3 Nf6 11. Kh2 Qb6 12. c5 Qc7 13. d4 Ng6 14. Bg5 Nh5
15. Ne4 O-O 16. Bf3 f5 17. Nd6 Nf6 18. Qb3+ Kh8 19. Nf7+ Kg8 20. Nd6+ Kh8 21.
Bxf6 gxf6 22. Nxf5 Rb8 23. Qe3 Qd8 24. Bh5 Rg8 25. Nd6 Qf8 26. Rhf1 b6 27. Rf2
bxc5 28. dxc5 Qg7 29. Raf1 Rf8 30. Ne8 Qe7 31. Qxe7 Nxe7 32. Rxf6 Rxf6 33. Rxf6
Ng6 34. Bxg6 hxg6 35. Rf8+ Kh7 36. Nd6 Rxb2 37. Rxc8 Rxe2+ 38. Kg1 Rxa2 39. Rd8
Kg7 40. Rxd7+ Kf6 41. Rc7 Ke5 42. Rxc6 Kd4 43. Nb7 Ke3 44. Rf6 Rc2 45. h4 a5
46. Nxa5 Rxc5 47. Rxg6 Kf3 48. Nc6 Rd5 49. Kh2 Rd2+ 50. Kh3 Kf2 51. Rf6+ Kg1
52. h5 Rd1 53. h6 Rd2 54. Ne5 Rd1 55. h7 Rd8 56. Nf7 Rd3 57. Rh6 Rd4 58. h8=Q
Kh1 59. Rd6 1-0

[Event "Kieler Open 2017-A"]
[Site "Kiel"]
[Date "2017.07.31"]
[Round "5.25"]
[White "Lenhardt, Manfred"]
[Black "Papesch, Dennis"]
[Result "1/2-1/2"]
[WhiteElo "2096"]
[BlackElo "1825"]
[Annotator "JK"]
[PlyCount "81"]

1. Nf3 d5 2. c4 c6 3. d4 Nf6 4. Qc2 e6 5. e3 Nbd7 6. Nc3 dxc4 7. Bxc4 b5 8. Bd3
Bb7 9. O-O a6 10. a4 b4 11. Ne4 Rc8 12. Qe2 a5 13. Nxf6+ Nxf6 14. e4 Be7 15. b3
O-O 16. Bb2 c5 17. Rad1 Qc7 18. dxc5 Qxc5 19. Ne5 Rfd8 20. Nc4 Rd7 21. Rc1 Qa7
22. Kh1 Ba6 23. Rcd1 Rcd8 24. f4 Bxc4 25. bxc4 Qc5 26. e5 Ne8 27. f5 exf5 28.
e6 fxe6 29. Bxf5 Rxd1 30. Bxe6+ Kh8 31. Rxd1 Rxd1+ 32. Qxd1 Qe3 33. Bd5 Bf6 34.
Bxf6 Nxf6 35. Bf3 h6 36. h4 Qf4 37. Qd8+ Kh7 38. Qd3+ Kh8 39. Qd8+ Kh7 40. Qd3+
Kh8 41. Qd8+ {(=)} 1/2-1/2

[Event "Kieler Open 2017-A"]
[Site "Kiel"]
[Date "2017.07.31"]
[Round "5.26"]
[White "Ritter, Uwe"]
[Black "Zimmermann, Manfred"]
[Result "1-0"]
[WhiteElo "2056"]
[BlackElo "1997"]
[Annotator "JK"]
[PlyCount "75"]

1. e4 c5 2. Nf3 a6 3. Nc3 e6 4. g3 d5 5. exd5 exd5 6. d4 c4 7. a4 Nf6 8. Bg2
Be7 9. O-O O-O 10. Re1 h6 11. Bf4 Bg4 12. h3 Be6 13. Qd2 Kh7 14. Ne5 Nh5 15.
Be3 Nc6 16. g4 Nf6 17. f4 g6 18. Rf1 Bb4 19. Qf2 Bxc3 20. bxc3 Ne4 21. Bxe4
dxe4 22. Rab1 Rb8 23. f5 Bd5 24. fxg6+ fxg6 25. Qxf8 Qxf8 26. Rxf8 Rxf8 27.
Rxb7+ Kg8 28. Nxc6 Bxc6 29. Rb6 Bxa4 30. Rxa6 Bxc2 31. Rxg6+ Kf7 32. Rxh6 Kg7
33. Rc6 Rf3 34. Bh6+ Kf7 35. Kg2 Rxc3 36. Bf4 Bd1 37. g5 e3 38. g6+ 1-0

[Event "Kieler Open 2017-A"]
[Site "Kiel"]
[Date "2017.07.31"]
[Round "5.27"]
[White "Neuendorf, Max"]
[Black "Tresch, Lukas"]
[Result "1/2-1/2"]
[WhiteElo "1892"]
[BlackElo "2038"]
[Annotator "JK"]
[PlyCount "65"]

1. e4 e5 2. Nf3 Nc6 3. Bc4 Nf6 4. d4 exd4 5. O-O Nxe4 6. Re1 d5 7. Bxd5 Qxd5 8.
Nc3 Qa5 9. Nxe4 Be6 10. Bd2 Qb6 11. Neg5 O-O-O 12. Nxe6 fxe6 13. Rxe6 Bd6 14.
Ng5 Qxb2 15. Nf7 Rde8 16. Nxd6+ cxd6 17. Rb1 Qxa2 18. Rxd6 Re2 19. Bf4 Re6 20.
c4 Rhe8 21. Rxc6+ Rxc6 22. Qg4+ Rce6 23. Re1 Qa6 24. h3 Qc6 25. Re5 g6 26. Rd5
h5 27. Qg5 b6 28. Bg3 Qxc4 29. Qf4 Kb7 30. Rd7+ Ka6 31. Rc7 Qd5 32. Qd2 R6e7
33. Qd3+ {Rest nicht rekonstruierbar ...} 1/2-1/2